| 000 | 01013nam a2200181Ia 4500 | ||
|---|---|---|---|
| 008 | 100122s9999 xx 000 0 und d | ||
| 082 |
_b57058 _aB925 |
||
| 100 | _aटकले द शि | ||
| 245 | _aशास्त्रज्ञांची चरित्र | ||
| 250 | _a0 | ||
| 260 |
_bलोकवाड.मय गृह प्रकाशन _c1999 |
||
| 300 | _a200 | ||
| 520 | _aआयझॅक न्यूटन / जगदिशचंद्र बोस / डॉ हाफकिन / गॅलेलिओ / मायकेल फॅरेडे/ चार्ल्स डार्विन | ||
| 620 | _aआयझॅक न्यूटन / जगदिशचंद्र बोस / डॉ हाफकिन / गॅलेलिओ / मायकेल फॅरेडे/ चार्ल्स डार्विन | ||
| 630 | _aशास्त्रज्ञांची चरित्र | ||
| 730 | _aशास्त्रज्ञांची चरित्र | ||
| 942 | _cBOOK | ||
| 999 |
_c433373 _d433370 |
||